000 00649nam a2200217 i 4500
001 141415
003 ES-MaACL
005 20230906200305.0
007 t|
008 070924s1969 sp ||||1| baq d
080 _a232
100 1 _aVillasante, Luis.
_9115152
245 1 0 _aJesukristo /
_cLuis Villasante.
260 _a[San Sebastián] :
_bSociedad Guipúzcoana de Ediciones y Publicaciones,
_c[1969]
300 _a431 p. ;
_c24 cm.
490 1 _aKristau Fedearen Sustraiak ;
_v2
600 1 4 _aJesucristo.
_966361
830 0 _aKristau Fedearen Sustraiak ;
_v2
_9220410
852 _aES-MaACL
_jC-46112
_bR.69220
999 _c141415
_d141415